16 Little Celebrity Pictograms Quiz Stats

 Plays Quiz Updated Apr 8, 2019

Score 0/16 Timer 05:00
0 Plays Today
Hint Answer % Correct
Ice-T
98.1%
Axl Rose
95.9%
Tiger Woods
94.5%
Tony Hawk
89.9%
Kate Upton
87.4%
Minnie Driver
86.2%
Tom Cruise
83.5%
River Phoenix
83.1%
Hint Answer % Correct
Robin Williams
82.8%
Jack Nicholson
81.5%
B.B. King
78.4%
Shakira
74.1%
Beau Bridges
70.2%
Taylor Swift
62.9%
George Clooney
57%
Lance Bass
54.6%

You're not logged in!

Compare scores with friends on all Sporcle quizzes.
OR
Log In

Sporcle TV

Today on Sporcle TV


Watch our educational content, quiz creation guides, and fun videos on Sporcle TV.

Show Comments

Extras

Top Quizzes Today


Score Distribution

Your Account Isn't Verified!

In order to create a playlist on Sporcle, you need to verify the email address you used during registration. Go to your Sporcle Settings to finish the process.

Report this User

Report this user for behavior that violates our Community Guidelines.

Details: